Normal view
MARC view
Entry Personal Name
001 - CONTROL NUMBER
- control field: 764530
003 - CONTROL NUMBER IDENTIFIER
- control field:
005 - DATE AND TIME OF LATEST TRANSACTION
- control field: 20210627052135.0
008 - FIXED-LENGTH DATA ELEMENTS
- fixed length control field: 210627|| aca||aabn | a|a d
040 ## - CATALOGING SOURCE
- Original cataloging agency:
- Transcribing agency:
100 ## - HEADING--PERSONAL NAME
- Personal name: Hora, Sunder Lal
670 ## - SOURCE DATA FOUND
- Source citation: Work cat.: ()642647: Indian Science Congress Association 764529, An outline of the field sciences of India /, 1937
